000 00345nam a22001457a 4500
008 221209b ||||| |||| 00| 0 eng d
020 _a9780078035302
041 _aeng
080 _2EIGHTH EDITION
_a159.9
082 _a159.9
100 _a25
101 _aPSI
245 _aPSYCHOLOGICAL TESTING AND ASSESSMENT
_cCOHEN J R
942 _2udc
_cBK
999 _c59151
_d59151